[Event "Kieler Open 2014-B"]
[Site "Kiel"]
[Date "2014.08.03"]
[Round "4.1"]
[White "Slesicki, Andreas"]
[Black "Koch, Ralf-Johannes"]
[Result "0-1"]
[WhiteElo "1623"]
[BlackElo "1750"]
[PlyCount "72"]
[EventDate "2014.??.??"]
[WhiteTeam "Doppelbauer Kiel"]
[BlackTeam "Eckernförde"]

1. c4 Nf6 2. Nc3 g6 3. g3 Bg7 4. Bg2 c5 5. Nf3 O-O 6. O-O Nc6 7. d4 cxd4 8.
Nxd4 Nxd4 9. Qxd4 d6 10. Qh4 Qa5 11. Bd2 Qb6 12. b3 Bd7 13. Bh6 Bc6 14. Bxg7
Kxg7 15. e4 Qc7 16. Nd5 Nxd5 17. exd5 Be8 18. Rfe1 f6 19. Re2 Bf7 20. Rae1 Rfe8
21. Qd4 b6 22. Re4 a5 23. Qe3 Ra7 24. Bh3 Qc5 25. Qc3 Bxd5 26. R4e3 Bf7 27. Be6
Rc7 28. Re4 d5 29. Rh4 Bxe6 30. Rxe6 Rc6 31. Rxc6 Qxc6 32. Qd2 g5 33. cxd5 Qd6
34. Rc4 Rd8 35. Rc6 Qxc6 36. Qxg5+ fxg5 0-1

[Event "Kieler Open 2014-B"]
[Site "Kiel"]
[Date "2014.08.03"]
[Round "4.2"]
[White "Eberhardt, Michael"]
[Black "Schumacher, Horst"]
[Result "1/2-1/2"]
[WhiteElo "1723"]
[BlackElo "1809"]
[PlyCount "100"]
[EventDate "2014.??.??"]
[WhiteTeam "Agon Neum?"]
[BlackTeam "Holtenau"]

1. d4 d5 2. Bf4 Bf5 3. e3 e6 4. Nd2 Bd6 5. Bg3 Bxg3 6. hxg3 Nf6 7. Be2 Nbd7 8.
Ngf3 Qe7 9. Nh4 O-O-O 10. Nxf5 exf5 11. c4 dxc4 12. Bxc4 Nb6 13. Bd3 g6 14. Qb3
Ng4 15. Nf3 Nd5 16. O-O Qb4 17. Qxb4 Nxb4 18. Bc4 Nd5 19. Rfe1 h6 20. e4 fxe4
21. Rxe4 f5 22. Re6 g5 23. Rae1 Ngf6 24. Bd3 f4 25. Bf5 Kb8 26. g4 Rhe8 27. Ne5
Rxe6 28. Bxe6 c6 29. Kf1 Re8 30. Nf7 Nc7 31. Bf5 Rxe1+ 32. Kxe1 Nb5 33. Nxh6
Nxd4 34. f3 Nxf5 35. gxf5 Kc7 36. Ng4 Nh7 37. Nf2 Kd6 38. Ne4+ Ke5 39. Ke2 b6
40. f6 Nxf6 41. Nxg5 Kd4 42. Kd2 Nd5 43. Ne4 Ne3 44. g4 fxg3 45. Nxg3 Nc4+ 46.
Kc2 Ke3 47. Nf5+ Kxf3 48. Nd4+ Ke4 49. Nxc6 a5 50. Kc3 Kd5 1/2-1/2

[Event "Kieler Open 2014-B"]
[Site "Kiel"]
[Date "2014.08.03"]
[Round "4.3"]
[White "Schmidt, Niko"]
[Black "Zielke, Bernd"]
[Result "1-0"]
[WhiteElo "1811"]
[BlackElo "1699"]
[PlyCount "101"]
[EventDate "2014.??.??"]
[WhiteTeam "Kaltenkirchen"]
[BlackTeam "Holtenau"]

1. e4 e5 2. Nf3 Nf6 3. Bc4 Bd6 4. O-O O-O 5. Re1 c6 6. d4 Qe7 7. Bg5 Bc7 8. Nc3
d6 9. d5 Bg4 10. h3 Bxf3 11. Qxf3 Nbd7 12. Qg3 Kh8 13. Rad1 Rg8 14. Bb3 Nc5 15.
Na4 Nxb3 16. Qxb3 Bd8 17. Bxf6 gxf6 18. Qf3 Bc7 19. Nc3 Rg6 20. Kh1 Rag8 21.
Rg1 Qf8 22. Ne2 Bb6 23. Ng3 Bxf2 24. Qxf2 Rxg3 25. Qxf6+ Qg7 26. Qxg7+ Kxg7 27.
dxc6 bxc6 28. Rxd6 Re3 29. Rxc6 Rxe4 30. Rc7 a5 31. Rf1 Rf8 32. b3 a4 33. c4
axb3 34. axb3 Kg6 35. b4 h5 36. b5 f5 37. b6 Rd4 38. b7 Rdd8 39. c5 f4 40. c6
Rfe8 41. Rd7 Rb8 42. Rb1 e4 43. c7 e3 44. cxb8=Q Rxb8 45. Kg1 Kf5 46. Rd8 Rxd8
47. b8=Q Rxb8 48. Rxb8 Ke4 49. Kf1 Kd3 50. Rd8+ Ke4 51. Rh8 1-0

[Event "Kieler Open 2014-B"]
[Site "Kiel"]
[Date "2014.08.03"]
[Round "4.4"]
[White "Pape, Rainer"]
[Black "Dambrowski, Ralf"]
[Result "1-0"]
[WhiteElo "1891"]
[BlackElo "1485"]
[PlyCount "97"]
[EventDate "2014.??.??"]
[WhiteTeam "Quickborn"]
[BlackTeam "Agon Neum?"]

1. Nf3 Nf6 2. Nc3 g6 3. e4 d6 4. d4 c6 5. Be2 Bg7 6. Bg5 h6 7. Be3 O-O 8. Qd2
Kh7 9. h3 Nbd7 10. Nh2 b5 11. a3 Bb7 12. Ng4 h5 13. Nh2 Re8 14. Nf3 a6 15. Bd3
e5 16. O-O Kg8 17. Bg5 exd4 18. Nxd4 Nc5 19. Rae1 Qd7 20. Nf3 Nxd3 21. cxd3
Rac8 22. Qf4 Nh7 23. Bh6 Bh8 24. d4 c5 25. dxc5 dxc5 26. Rd1 Qe7 27. Rfe1 Rcd8
28. Rxd8 Rxd8 29. Nd5 Bxd5 30. exd5 Qf6 31. Qc7 Bg7 32. Bxg7 Kxg7 33. Re6 Qxb2
34. Re7 Qa1+ 35. Kh2 Rf8 36. Qxc5 Qf6 37. d6 Qf4+ 38. Kh1 Rd8 39. d7 Nf6 40.
Ne5 Ne4 41. Qc7 Rf8 42. d8=Q Nxf2+ 43. Kg1 Nxh3+ 44. gxh3 Qg3+ 45. Kf1 Qxh3+
46. Ke2 Qg2+ 47. Kd1 Qf1+ 48. Kc2 Rxd8 49. Rxf7+ 1-0

[Event "Kieler Open 2014-B"]
[Site "Kiel"]
[Date "2014.08.03"]
[Round "4.5"]
[White "Lange, Edgar"]
[Black "Kollhoff, Josef"]
[Result "1-0"]
[WhiteElo "1481"]
[BlackElo "1741"]
[PlyCount "78"]
[EventDate "2014.??.??"]
[WhiteTeam "Kieler SG"]
[BlackTeam "Kieler SG"]

1. e4 c6 2. d4 d5 3. e5 Bf5 4. Nf3 e6 5. Bd3 Ne7 6. Bxf5 Nxf5 7. O-O c5 8. c3
Nc6 9. Be3 Be7 10. dxc5 Nxe3 11. fxe3 Bxc5 12. Nd4 Nxe5 13. Qh5 Ng6 14. Nd2 Qh4
15. Qe2 O-O 16. Rf3 Qh5 17. Qf2 Qg5 18. Rf1 Qe7 19. N2b3 Bb6 20. Re1 Ne5 21.
Rh3 Nd3 22. Qc2 f5 23. Qxd3 g5 24. Rh6 Rf6 25. Rxf6 Qxf6 26. c4 Rd8 27. c5 Bc7
28. c6 bxc6 29. Nxc6 Ra8 30. Qd4 Qf7 31. Ne5 Qe7 32. g3 Bb6 33. Qd3 Qg7 34. Qc3
f4 35. Kg2 Bxe3 36. Ng4 d4 37. Qc6 Re8 38. Qxe8+ Qf8 39. Qxf8+ Kxf8 1-0

[Event "Kieler Open 2014-B"]
[Site "Kiel"]
[Date "2014.08.03"]
[Round "4.6"]
[White "Bosselmann, Tom Linus"]
[Black "Busse, Gerd"]
[Result "1/2-1/2"]
[WhiteElo "1535"]
[BlackElo "1835"]
[PlyCount "84"]
[EventDate "2014.??.??"]
[WhiteTeam "Lübeck"]
[BlackTeam "Quickborn"]

1. c4 e5 2. Nc3 Nc6 3. g3 f5 4. a3 a5 5. Bg2 Nf6 6. e3 Bc5 7. Nge2 O-O 8. d4
Ba7 9. d5 Ne7 10. O-O d6 11. e4 Qe8 12. b4 Qh5 13. Bd2 f4 14. Nc1 fxg3 15. Qxh5
gxf2+ 16. Kh1 Nxh5 17. Nd3 Ng6 18. Nb5 Bd4 19. Nxd4 exd4 20. c5 Nh4 21. Rxf2
Rxf2 22. Nxf2 axb4 23. Bxb4 Nxg2 24. Kxg2 Bd7 25. cxd6 cxd6 26. Bxd6 Rc8 27.
Rd1 Rc4 28. Be5 Ba4 29. Rxd4 Nf4+ 30. Kf3 Rxd4 31. Bxd4 Ng6 32. e5 Ne7 33. d6
Nc6 34. Bc3 Kf7 35. Ne4 Nd8 36. Nc5 Bc6+ 37. Kf4 Ne6+ 38. Nxe6 Kxe6 39. Kg5 b5
40. h4 Be4 41. Kf4 Bd5 42. h5 Bc6 1/2-1/2

[Event "Kieler Open 2014-B"]
[Site "Kiel"]
[Date "2014.08.03"]
[Round "4.7"]
[White "Roca Llorca, Josep"]
[Black "Sowa, Kay"]
[Result "1-0"]
[WhiteElo "1717"]
[BlackElo "1452"]
[PlyCount "59"]
[EventDate "2014.??.??"]
[BlackTeam "Doppelbauer Kiel"]

1. d4 Nf6 2. Nf3 c5 3. d5 b5 4. a4 Bb7 5. c4 bxc4 6. Nc3 d6 7. e4 Nbd7 8. Bxc4
g6 9. O-O Bg7 10. a5 O-O 11. h3 a6 12. Re1 Qb8 13. Qc2 Ra7 14. Qe2 Ne8 15. Bd2
Nc7 16. Na4 Bc8 17. Bc3 Nb5 18. Bxg7 Kxg7 19. Reb1 Re8 20. Qd3 Ne5 21. Nxe5
dxe5 22. Bxb5 axb5 23. Nxc5 f5 24. f3 fxe4 25. fxe4 Ba6 26. b4 Bc8 27. Rf1 Bd7
28. Rf2 Qd6 29. Raf1 Rxa5 30. Nxd7 1-0

[Event "Kieler Open 2014-B"]
[Site "Kiel"]
[Date "2014.08.03"]
[Round "4.8"]
[White "Herrmann, Sabine"]
[Black "Bockelmann, Fred"]
[Result "1-0"]
[WhiteElo "1537"]
[BlackElo "1704"]
[PlyCount "53"]
[EventDate "2014.??.??"]
[WhiteTeam "SF Hamburg"]
[BlackTeam "Kieler SG"]

1. e4 c5 2. Nf3 a6 3. d3 Nc6 4. d4 cxd4 5. Nxd4 Nf6 6. Nc3 e5 7. Nf5 d5 8. Bd3
Bb4 9. Nxg7+ Kf8 10. Bh6 Ke7 11. O-O Rg8 12. Nf5+ Bxf5 13. exf5 e4 14. Be2 d4
15. Nb1 Qd7 16. f3 e3 17. Bd3 Bd6 18. c3 Qc7 19. f4 Ng4 20. f6+ Nxf6 21. Qf3
Qd7 22. Bg5 Qe6 23. cxd4 Nxd4 24. Qxb7+ Qd7 25. Bxf6+ Kxf6 26. Qxd7 e2 27.
Qxd6+ 1-0

[Event "Kieler Open 2014-B"]
[Site "Kiel"]
[Date "2014.08.03"]
[Round "4.9"]
[White "Isler, Benjamin"]
[Black "Bornhorst, Lars"]
[Result "0-1"]
[WhiteElo "1274"]
[BlackElo "1652"]
[PlyCount "73"]
[EventDate "2014.??.??"]
[WhiteTeam "Flensburg"]
[BlackTeam "Bad Essen"]

1. b4 Nf6 2. Bb2 d6 3. c4 g6 4. d3 Bg7 5. Nd2 e5 6. h3 Nc6 7. b5 Ne7 8. Ngf3
O-O 9. g4 Ne8 10. Rb1 c6 11. a4 Qc7 12. Ba3 c5 13. Bg2 h6 14. O-O f5 15. Nh2
Nf6 16. e3 g5 17. f4 exf4 18. exf4 Nh7 19. fxg5 hxg5 20. Bb2 Ng6 21. gxf5 Nf4
22. Ndf3 Bxb2 23. Rxb2 Qg7 24. Qd2 Bxf5 25. Kh1 Nxg2 26. Kxg2 Qh6 27. Kh1 Bxh3
28. Rf2 Bg4 29. Kg1 Bxf3 30. Rxf3 Rxf3 31. Nxf3 Rf8 32. Qe3 Qf6 33. Rf2 g4 34.
Nh2 Qa1+ 35. Kg2 Rxf2+ 36. Qxf2 Qg7 37. Qe2 0-1

[Event "Kieler Open 2014-B"]
[Site "Kiel"]
[Date "2014.08.03"]
[Round "4.10"]
[White "Dao, Joerg"]
[Black "Westphal-Stubbe, Siegbert"]
[Result "1/2-1/2"]
[WhiteElo "1426"]
[BlackElo "1833"]
[PlyCount "54"]
[EventDate "2014.??.??"]
[BlackTeam "Plön"]

1. h4 c5 2. e4 e6 3. f4 a6 4. a4 b6 5. g3 Bb7 6. Bg2 Qc7 7. d3 f5 8. Qe2 Ne7 9.
Nh3 h6 10. c4 Nbc6 11. Be3 O-O-O 12. Nc3 Ng8 13. Kf2 Nf6 14. e5 Ng4+ 15. Kg1
Nxe3 16. Qxe3 Nd4 17. Qf2 d6 18. exd6 Bxd6 19. Re1 Rhe8 20. Kh2 Bc6 21. Re3 Qb7
22. Bxc6 Qxc6 23. Ra1 e5 24. Rae1 exf4 25. gxf4 Rxe3 26. Rxe3 Rg8 27. Rg3 Re8
1/2-1/2

[Event "Kieler Open 2014-B"]
[Site "Kiel"]
[Date "2014.08.03"]
[Round "4.11"]
[White "Stolzenwald, Frank"]
[Black "Fleischmann, Yannic"]
[Result "1/2-1/2"]
[WhiteElo "1628"]
[BlackElo "1355"]
[PlyCount "50"]
[EventDate "2014.??.??"]
[WhiteTeam "SF Hamburg"]
[BlackTeam "Segeberg"]

1. c4 c5 2. Nc3 Nf6 3. e4 e5 4. d3 h6 5. Be2 Nc6 6. Nf3 d6 7. h3 Be7 8. O-O O-O
9. Be3 Nd4 10. Nd5 Be6 11. Nxe7+ Qxe7 12. Nxd4 cxd4 13. Bd2 Rac8 14. b4 a6 15.
f4 Rc7 16. fxe5 dxe5 17. a4 b6 18. a5 Rb8 19. Rf3 b5 20. c5 Qe8 21. Qc1 Kh7 22.
Kh2 Rc6 23. Qf1 Bd7 24. Bd1 Qe6 25. Rf5 Qe7 {(=)} 1/2-1/2

[Event "Kieler Open 2014-B"]
[Site "Kiel"]
[Date "2014.08.03"]
[Round "4.12"]
[White "Steffen, Jörn"]
[Black "Schmieder, Kerstin"]
[Result "0-1"]
[WhiteElo "1314"]
[BlackElo "1683"]
[PlyCount "76"]
[EventDate "2014.??.??"]
[WhiteTeam "Flintbek"]
[BlackTeam "Rodewischer Schachmiezen"]

1. d4 e6 2. c4 Nf6 3. Nc3 d5 4. Nf3 c5 5. e3 Nc6 6. cxd5 exd5 7. Be2 Be6 8. O-O
Bd6 9. dxc5 Bxc5 10. a3 O-O 11. b4 Bb6 12. Bb2 Rc8 13. Na4 Bc7 14. Nc5 b6 15.
Nd3 Bg4 16. Rc1 Qd6 17. g3 Bh3 18. Re1 Bd7 19. Nde5 Rfe8 20. Nxd7 Nxd7 21. Bb5
Ncb8 22. Qa4 a5 23. Red1 Re4 24. Qb3 Nf6 25. Ng5 Re7 26. Nh3 Qe6 27. Kg2 Rd8
28. Bxf6 gxf6 29. Rd4 Be5 30. Nf4 Bxf4 31. Rxf4 Qd6 32. Qd3 Re5 33. Rh4 f5 34.
g4 Qg6 35. h3 Qg5 36. Kg3 Re4 37. f4 Qe7 38. Kf3 Qxh4 0-1

[Event "Kieler Open 2014-B"]
[Site "Kiel"]
[Date "2014.08.03"]
[Round "4.13"]
[White "Maaß, Ralf"]
[Black "Rommeck, Christiane"]
[Result "0-1"]
[WhiteElo "1208"]
[BlackElo "1442"]
[PlyCount "56"]
[EventDate "2014.??.??"]
[WhiteTeam "Flensburg"]
[BlackTeam "Flintbek"]

1. d4 d6 2. Nf3 g6 3. e3 Bg7 4. Nbd2 Nd7 5. Be2 e5 6. c3 Ne7 7. O-O O-O 8. Re1
h6 9. Bd3 f5 10. dxe5 dxe5 11. Bc4+ Kh7 12. Nf1 b6 13. Be6 Nc5 14. Bxc8 Rxc8
15. b4 Nd3 16. Re2 e4 17. Nd4 Qd7 18. Rd2 Nd5 19. Rxd3 exd3 20. Qxd3 c5 21.
bxc5 Rxc5 22. Bb2 Rfc8 23. Rc1 Nb4 24. cxb4 Rxc1 25. Bxc1 Rxc1 26. Qd2 Rc4 27.
Nf3 Qxd2 28. N1xd2 Rxb4 0-1

[Event "Kieler Open 2014-B"]
[Site "Kiel"]
[Date "2014.08.03"]
[Round "4.14"]
[White "Weck, Uwe"]
[Black "Koch, Andreas Tigran"]
[Result "1/2-1/2"]
[WhiteElo "1693"]
[BlackElo "1214"]
[PlyCount "68"]
[EventDate "2014.??.??"]
[WhiteTeam "Kaltenkirchen"]
[BlackTeam "Eckernförde"]

1. e4 e5 2. Nf3 Nf6 3. Bc4 Bc5 4. d3 d6 5. O-O Nc6 6. c3 Bg4 7. h3 Bh5 8. Nbd2
Qd7 9. Qb3 Na5 10. Qb5 Nxc4 11. Qxd7+ Nxd7 12. dxc4 O-O 13. b4 Bb6 14. g4 Bg6
15. Kg2 c5 16. Nh4 cxb4 17. cxb4 Bd4 18. Rb1 Nb6 19. Bb2 Nxc4 20. Nxg6 Nxd2 21.
Nxf8 Bxb2 22. Rxb2 Nxf1 23. Nd7 Rd8 24. Nxe5 Ne3+ 25. fxe3 dxe5 26. Rc2 f6 27.
Rc7 Rd2+ 28. Kf3 Rxa2 29. Rxb7 h6 30. Rb5 Rb2 31. Ra5 Rxb4 32. Rxa7 Rb2 33. h4
g5 34. hxg5 hxg5 1/2-1/2

[Event "Kieler Open 2014-B"]
[Site "Kiel"]
[Date "2014.08.03"]
[Round "4.15"]
[White "Salwasser, Christian"]
[Black "Gutschenreiter, Donato"]
[Result "0-1"]
[WhiteElo "1035"]
[BlackElo "1392"]
[PlyCount "96"]
[EventDate "2014.??.??"]
[WhiteTeam "SC Rastatt"]
[BlackTeam "Flensburg"]

1. e4 e6 2. Nf3 d5 3. exd5 exd5 4. d4 Bd6 5. Bd3 c6 6. O-O Nf6 7. Re1+ Be7 8.
Bf4 O-O 9. c4 dxc4 10. Bxc4 c5 11. dxc5 Bxc5 12. Nbd2 Qb6 13. Be3 Bxe3 14. Rxe3
Nc6 15. Nb3 Bf5 16. Nh4 Bg4 17. Be2 Rad8 18. Qe1 Bxe2 19. Qxe2 Rfe8 20. Rxe8+
Rxe8 21. Qd2 Qd8 22. Qxd8 Rxd8 23. h3 h6 24. Rc1 Re8 25. Rc2 Rb8 26. a3 Nd7 27.
Nc5 Nxc5 28. Rxc5 Rd8 29. Nf3 Rd1+ 30. Kh2 g6 31. Rc2 f5 32. Rd2 Rxd2 33. Nxd2
b5 34. b3 a5 35. a4 b4 36. Kg3 Kf7 37. Nc4 Ke6 38. Kf3 Nd4+ 39. Ke3 Nxb3 40.
Kd3 g5 41. Kc2 Nd4+ 42. Kd3 Nc6 43. Ne3 f4 44. Ng4 h5 45. Nh2 Kd5 46. g4 hxg4
47. hxg4 Ne5+ 48. Kc2 Kc4 0-1

[Event "Kieler Open 2014-B"]
[Site "Kiel"]
[Date "2014.08.03"]
[Round "4.16"]
[White "Aden, Tönjes"]
[Black "Serbin, Alexander"]
[Result "0-1"]
[WhiteElo "862"]
[BlackElo "1373"]
[PlyCount "48"]
[EventDate "2014.??.??"]
[WhiteTeam "Segeberg"]
[BlackTeam "Kieler SG"]

1. e4 e5 2. Nf3 Nc6 3. Bc4 Nf6 4. Ng5 d5 5. exd5 Nxd5 6. Nc3 Qxg5 7. Bxd5 Be6
8. O-O O-O-O 9. Bxc6 bxc6 10. Qe2 Bh3 11. Qe4 Rd6 12. d3 Qg6 13. Qxg6 Rxg6 14.
Be3 Rxg2+ 15. Kh1 Bd6 16. Rg1 Rg6 17. Rxg6 hxg6 18. Bxa7 f5 19. Rg1 Bg4 20. Nd1
Bf3+ 21. Rg2 Bxd1 22. Rxg6 e4 23. dxe4 Bf3+ 24. Kg1 Rxh2 0-1

[Event "Kieler Open 2014-B"]
[Site "Kiel"]
[Date "2014.08.03"]
[Round "4.17"]
[White "Howe, Dietrich"]
[Black "Untiedt, Urs Arved"]
[Result "0-1"]
[WhiteElo "1742"]
[BlackElo "1180"]
[PlyCount "74"]
[EventDate "2014.??.??"]
[WhiteTeam "Kaltenkirchen"]
[BlackTeam "Agon Neum?"]

1. Nf3 g6 2. c4 d6 3. Nc3 Bg7 4. g3 e5 5. d3 Nc6 6. Bg2 Nf6 7. O-O Be6 8. Rb1
O-O 9. b4 a6 10. b5 axb5 11. Rxb5 b6 12. Bg5 Nd4 13. Nxd4 exd4 14. Na4 Ra7 15.
Qc2 Bd7 16. Rb4 c5 17. Rb2 Rxa4 18. Rfb1 Rb4 19. Rxb4 cxb4 20. Rxb4 Qc7 21. Qb2
Rb8 22. Bf4 Qc5 23. a4 Bf8 24. h3 Nh5 25. Bd2 Bg7 26. a5 Qxa5 27. Rb5 Qa4 28.
Rxb6 Rxb6 29. Qxb6 Qd1+ 30. Kh2 Qxd2 31. Qd8+ Bf8 32. Qxd7 Qxe2 33. Bd5 Qxf2+
34. Kh1 Qf5 35. Qb7 Qf1+ 36. Kh2 Ng7 37. g4 Ne6 0-1

[Event "Kieler Open 2014-B"]
[Site "Kiel"]
[Date "2014.08.03"]
[Round "4.18"]
[White "Brockmann, Werner"]
[Black "Hogreve, Holger"]
[Result "0-1"]
[WhiteElo "1415"]
[BlackElo "1510"]
[PlyCount "76"]
[EventDate "2014.??.??"]
[WhiteTeam "Kieler SG"]
[BlackTeam "Eckernförde"]

1. d4 d5 2. Nf3 Bg4 3. g3 Bxf3 4. exf3 Nf6 5. Nc3 e6 6. Bg2 Nbd7 7. O-O c5 8.
Bf4 a6 9. Re1 cxd4 10. Qxd4 Bc5 11. Qd3 O-O 12. Na4 Ba7 13. Re2 b5 14. Nc3 Qb6
15. b3 Rac8 16. Nd1 Rc6 17. Ne3 Rfc8 18. g4 Rc3 19. Qd1 Nb8 20. Be5 R3c6 21.
Bxf6 gxf6 22. Rc1 Nd7 23. h4 Qc7 24. Nf1 Kh8 25. Qd2 Rg8 26. Bh3 Ne5 27. Qf4
Qe7 28. Ng3 Bb8 29. Qe3 Ng6 30. Rd1 Bf4 31. Qd3 Nxh4 32. Qxd5 Rd6 33. Qe4 Rxd1+
34. Kh2 e5 35. Qc6 Rd6 36. Qe4 Qd8 37. Qb7 Qd7 38. Qe4 Rd4 0-1

[Event "Kieler Open 2014-B"]
[Site "Kiel"]
[Date "2014.08.04"]
[Round "5.1"]
[White "Koch, Ralf-Johannes"]
[Black "Schmidt, Niko"]
[Result "1-0"]
[WhiteElo "1750"]
[BlackElo "1811"]
[PlyCount "117"]
[EventDate "2014.??.??"]
[WhiteTeam "Eckernförde"]
[BlackTeam "Kaltenkirchen"]

1. d4 Nf6 2. Nf3 d5 3. Bf4 Nc6 4. e3 Bf5 5. c3 a6 6. Nbd2 e6 7. Be2 Bd6 8. Ne5
O-O 9. g4 Bg6 10. h4 h6 11. Nxg6 fxg6 12. Bxd6 cxd6 13. Qc2 e5 14. g5 Ne4 15.
Nxe4 dxe4 16. gxh6 gxh6 17. Qxe4 Qf6 18. O-O-O Qf5 19. Qg2 Rae8 20. Rhg1 Kg7
21. dxe5 dxe5 22. f3 Rf6 23. Bd3 Qe6 24. Kb1 b5 25. Be4 Na5 26. Qg4 Qxg4 27.
Rxg4 Re7 28. Rdg1 Ree6 29. b3 Nc6 30. Kc2 Ne7 31. R4g2 Nf5 32. Bxf5 Rxf5 33.
Rg3 Ref6 34. Rf1 Kf7 35. Kd2 e4 36. f4 g5 37. Rg4 h5 38. Rxg5 Rxg5 39. hxg5
Rd6+ 40. Ke2 Kg6 41. Rd1 Rc6 42. Rc1 h4 43. Kf2 Kh5 44. c4 Kg4 45. Rg1+ Kh3 46.
g6 Rd6 47. Ke2 Kh2 48. Rg5 Rd8 49. g7 Rg8 50. c5 a5 51. f5 a4 52. f6 axb3 53.
axb3 b4 54. f7 Ra8 55. g8=Q Ra2+ 56. Kd1 Ra1+ 57. Kc2 h3 58. f8=Q Kh1 59. Rg1+
1-0

[Event "Kieler Open 2014-B"]
[Site "Kiel"]
[Date "2014.08.04"]
[Round "5.2"]
[White "Slesicki, Andreas"]
[Black "Pape, Rainer"]
[Result "1-0"]
[WhiteElo "1623"]
[BlackElo "1891"]
[PlyCount "55"]
[EventDate "2014.??.??"]
[WhiteTeam "Doppelbauer Kiel"]
[BlackTeam "Quickborn"]

1. c4 Nf6 2. Nc3 g6 3. g3 Bg7 4. Bg2 c6 5. e4 d6 6. Nge2 Bg4 7. O-O Na6 8. d3
O-O 9. Be3 Nc7 10. Qa4 Bxe2 11. Nxe2 b5 12. cxb5 cxb5 13. Qa3 Ng4 14. Bd4 Ne5
15. f4 Nc6 16. Bxg7 Kxg7 17. Rac1 b4 18. Qa4 Nb8 19. Qxb4 Nba6 20. Qd4+ Kg8 21.
Nc3 Rb8 22. Rf2 Rb4 23. Qe3 Qb8 24. b3 Ne6 25. Nd5 Rb7 26. f5 Ng7 27. f6 Nb4
28. Qh6 1-0

[Event "Kieler Open 2014-B"]
[Site "Kiel"]
[Date "2014.08.04"]
[Round "5.3"]
[White "Lange, Edgar"]
[Black "Eberhardt, Michael"]
[Result "0-1"]
[WhiteElo "1481"]
[BlackElo "1723"]
[PlyCount "42"]
[EventDate "2014.??.??"]
[WhiteTeam "Kieler SG"]
[BlackTeam "Agon Neum?"]

1. e4 d5 2. exd5 Nf6 3. Nc3 Nxd5 4. Nxd5 Qxd5 5. d3 Nc6 6. Nf3 e5 7. Be2 Bf5 8.
O-O O-O-O 9. a3 Bc5 10. b4 Bd6 11. c4 Qe6 12. b5 Ne7 13. Qc2 c5 14. Ng5 Qg6 15.
Bf3 Bxd3 16. Qa4 e4 17. Bg4+ f5 18. Bh3 Bb8 19. Rd1 h6 20. Be3 Qd6 21. Nf7
Qxh2# 0-1

[Event "Kieler Open 2014-B"]
[Site "Kiel"]
[Date "2014.08.04"]
[Round "5.4"]
[White "Schumacher, Horst"]
[Black "Roca Llorca, Josep"]
[Result "1-0"]
[WhiteElo "1809"]
[BlackElo "1717"]
[PlyCount "37"]
[EventDate "2014.??.??"]
[WhiteTeam "Holtenau"]

1. e4 d5 2. d4 dxe4 3. Nc3 Nf6 4. f3 exf3 5. Nxf3 Bg4 6. h3 Bxf3 7. Qxf3 c6 8.
Be3 e6 9. Bd3 Nbd7 10. O-O Be7 11. Ne4 O-O 12. Nxf6+ Nxf6 13. c3 Qd5 14. Qg3
Bd6 15. Bf4 Bxf4 16. Rxf4 Nh5 17. Qh4 g6 18. Rg4 Qd8 19. Qxh5 1-0

[Event "Kieler Open 2014-B"]
[Site "Kiel"]
[Date "2014.08.04"]
[Round "5.5"]
[White "Busse, Gerd"]
[Black "Herrmann, Sabine"]
[Result "0-1"]
[WhiteElo "1835"]
[BlackElo "1537"]
[PlyCount "36"]
[EventDate "2014.??.??"]
[WhiteTeam "Quickborn"]
[BlackTeam "SF Hamburg"]

1. e4 e5 2. Nf3 Nc6 3. Bc4 Be7 4. d3 Nf6 5. O-O O-O 6. c3 d5 7. exd5 Nxd5 8.
Bb3 Qd6 9. Nbd2 Nf4 10. Bc2 Qg6 11. g3 Nh3+ 12. Kh1 Bf5 13. Nc4 e4 14. dxe4
Bxe4 15. Bxe4 Qxe4 16. Ne3 Rad8 17. Qe2 Ne5 18. Kg2 Ng5 0-1

[Event "Kieler Open 2014-B"]
[Site "Kiel"]
[Date "2014.08.04"]
[Round "5.6"]
[White "Zielke, Bernd"]
[Black "Bosselmann, Tom Linus"]
[Result "0-1"]
[WhiteElo "1699"]
[BlackElo "1535"]
[PlyCount "142"]
[EventDate "2014.??.??"]
[WhiteTeam "Holtenau"]
[BlackTeam "Lübeck"]

1. b4 d5 2. Bb2 e6 3. Nf3 Nf6 4. a3 c6 5. e3 Nbd7 6. c4 b6 7. Be2 Be7 8. d3 Bb7
9. Nbd2 O-O 10. O-O Re8 11. Qb3 Bd6 12. Rac1 Bc7 13. Rc2 c5 14. Rfc1 Bd6 15.
Bc3 e5 16. cxd5 Bxd5 17. Qb2 cxb4 18. axb4 Qe7 19. e4 Bb7 20. Nc4 Bc7 21. Na3
Rac8 22. Bd2 Bb8 23. Rxc8 Rxc8 24. Rxc8+ Bxc8 25. Qc3 Bb7 26. Nb5 a6 27. Na3 b5
28. Be3 Bd6 29. Nc2 h6 30. Nd2 Kh7 31. Nb3 Qf8 32. Na5 Ba8 33. g3 Qd8 34. Nb3
Qc7 35. Qxc7 Bxc7 36. Nc5 Nxc5 37. Bxc5 Nd7 38. Be3 Nb6 39. Bd2 Na4 40. Kg2 Nb6
41. f3 g6 42. Bc3 f5 43. Ne3 fxe4 44. fxe4 Kg7 45. Bd1 Bc6 46. Bb3 Bd6 47. Kf3
Kh7 48. h4 Kg7 49. g4 Nc8 50. h5 Ne7 51. Kg3 gxh5 52. gxh5 Bd7 53. Kh4 Nc6 54.
Nc2 Be7+ 55. Kg3 Be8 56. Bd5 Bd6 57. Ne3 Nd4 58. Bxd4 exd4+ 59. Kf2 dxe3+ 60.
Kxe3 Bxb4 61. Kd4 a5 62. e5 a4 63. Ke3 Bc3 64. d4 b4 65. Kd3 Bb5+ 66. Ke4 b3
67. Be6 b2 68. Ba2 Bc4 69. Bb1 a3 70. Ke3 a2 71. Bxa2 Bxa2 0-1

[Event "Kieler Open 2014-B"]
[Site "Kiel"]
[Date "2014.08.04"]
[Round "5.7"]
[White "Bornhorst, Lars"]
[Black "Kollhoff, Josef"]
[Result "1-0"]
[WhiteElo "1652"]
[BlackElo "1741"]
[PlyCount "101"]
[EventDate "2014.??.??"]
[WhiteTeam "Bad Essen"]
[BlackTeam "Kieler SG"]

1. d4 d5 2. c4 c6 3. Nc3 e6 4. cxd5 exd5 5. Bf4 Bd6 6. Bxd6 Qxd6 7. e3 Bf5 8.
Bd3 Qg6 9. Bxf5 Qxf5 10. Nge2 Nd7 11. O-O Ngf6 12. Ng3 Qg6 13. b4 O-O 14. b5
Rfc8 15. bxc6 Rxc6 16. Qb3 Rb6 17. Nxd5 Nxd5 18. Qxd5 Nf6 19. Qc4 Rc6 20. Qb3
Rb6 21. Qc3 Rc6 22. Qd2 Rc2 23. Qb4 b6 24. Qa3 Rc7 25. Rac1 Rac8 26. Rxc7 Rxc7
27. Rc1 Rxc1+ 28. Qxc1 h6 29. Qd1 Qg4 30. Qxg4 Nxg4 31. e4 Nf6 32. Kf1 h5 33.
f3 g6 34. Ke1 Kf8 35. Kd2 Ke7 36. Kd3 Kd7 37. Ne2 b5 38. d5 Kd6 39. Kd4 Nd7 40.
f4 f6 41. Nc1 a6 42. Nd3 Nf8 43. Nc5 a5 44. e5+ fxe5+ 45. fxe5+ Kc7 46. Ne6+
Nxe6+ 47. dxe6 Kd8 48. Kc5 Ke7 49. Kxb5 Kxe6 50. Kxa5 Kxe5 51. Kb6 1-0

[Event "Kieler Open 2014-B"]
[Site "Kiel"]
[Date "2014.08.04"]
[Round "5.8"]
[White "Schmieder, Kerstin"]
[Black "Rommeck, Christiane"]
[Result "0-1"]
[WhiteElo "1683"]
[BlackElo "1442"]
[PlyCount "72"]
[EventDate "2014.??.??"]
[WhiteTeam "Rodewischer Schachmiezen"]
[BlackTeam "Flintbek"]

1. d4 d6 2. e4 g6 3. Bf4 Bg7 4. Nf3 Bg4 5. Be2 Nd7 6. c3 Bxf3 7. Bxf3 e5 8. Be3
Ne7 9. O-O O-O 10. Nd2 h6 11. g3 f5 12. exf5 gxf5 13. Nb3 f4 14. Bd2 Qc8 15.
Qe2 fxg3 16. fxg3 c6 17. Bg4 Qc7 18. Be6+ Kh8 19. Qh5 Nf6 20. Qh3 Neg8 21. Rf5
Rae8 22. dxe5 Rxe6 23. exf6 Rexf6 24. Rxf6 Rxf6 25. Be3 Qe7 26. Bg5 Qe6 27. Qh4
Rg6 28. Bf4 Nf6 29. Bd2 Ng4 30. Re1 Ne5 31. Nd4 Qd5 32. Rf1 c5 33. Qd8+ Kh7 34.
Nb3 Nf3+ 35. Rxf3 Qxf3 36. Qxd6 Rxd6 0-1

[Event "Kieler Open 2014-B"]
[Site "Kiel"]
[Date "2014.08.04"]
[Round "5.9"]
[White "Westphal-Stubbe, Siegbert"]
[Black "Gutschenreiter, Donato"]
[Result "0-1"]
[WhiteElo "1833"]
[BlackElo "1392"]
[PlyCount "86"]
[EventDate "2014.??.??"]
[WhiteTeam "Plön"]
[BlackTeam "Flensburg"]

1. d4 d5 2. c3 e6 3. e3 Nf6 4. Nd2 c5 5. Ngf3 Nc6 6. Bb5 Bd7 7. dxc5 Bxc5 8.
O-O O-O 9. Nb3 Bb6 10. Be2 Re8 11. Nbd4 a6 12. Nxc6 Bxc6 13. Ne5 Qc7 14. Nxc6
Qxc6 15. f3 Rad8 16. Qe1 e5 17. Kh1 d4 18. cxd4 exd4 19. e4 Qd6 20. Qg3 Qxg3
21. hxg3 d3 22. Bxd3 Rxd3 23. Bg5 h6 24. Bxf6 gxf6 25. a3 Rc8 26. Kh2 Rc2 27.
Rfc1 Rdd2 28. Rxc2 Rxc2 29. Rb1 Be3 30. b3 b5 31. a4 bxa4 32. bxa4 Ra2 33. Rb4
a5 34. Rc4 Kg7 35. Kh3 Ra1 36. Kh2 Kg6 37. g4 Bf4+ 38. g3 Ra2+ 39. Kh3 Bd2 40.
f4 Bb4 41. f5+ Kg7 42. Rd4 Rxa4 43. Rd5 Bc3 0-1